| 000 | 00604nam a2200205Ia 4500 | ||
|---|---|---|---|
| 005 | 20250508152509.0 | ||
| 008 | 008 250505s9999 xx 000 0 eng d | ||
| 037 | _aTextual | ||
| 040 |
_aFEDL _beng _cFEDL |
||
| 041 |
_aeng _2eng |
||
| 084 |
_a155.28, BLU _qFEDL |
||
| 100 |
_aBlum Lucille Hollander _9761617 |
||
| 245 | 0 | _aRorschach work book | |
| 260 |
_aNew York, USA _bInternational Universities Press _c1954 |
||
| 300 | _aiv,166p. | ||
| 650 | _aPersonality | ||
| 700 |
_a Davidson Helen H Fieldsteel Nina D _9761618 |
||
| 942 |
_cTEXL _h155.28, BLU |
||
| 999 |
_c1336808 _d1336808 |
||